000 00671cam a22002413a 4500
001 2893
003 PGUSA
005 20140828083023.0
008 060404s2006||||xxu|||||s|||||000 1 eng d
040 _aPGUSA
_beng
042 _adc
050 4 _aPR
100 1 _aHaggard, H. Rider
_q(Henry Rider),
_d1856-1925
245 1 4 _aThe Wizard
_h[electronic resource] /
_cH. Rider Haggard
260 _bProject Gutenberg,
_c2006
506 _aPublic domain in the USA.
516 _aElectronic text
653 _aAfrica -- Fiction
653 _aMissionaries -- Fiction
830 0 _aProject Gutenberg
_v2893
856 4 0 _uhttp://www.gutenberg.org/ebooks/2893
942 _cEB
999 _c232223
_d232223